Redécouvrons la géométrie /
Guardado en:
| Autor Principal: | |
|---|---|
| Otros Autores: | |
| Formato: | Libro |
| Idioma: | French English |
| Publicado: |
Paris :
Dunod,
1971.
|
| Etiquetas: |
Agregar Etiqueta
Sin Etiquetas, Sea el primero en etiquetar este registro!
|
| LEADER | 00702nam a22001935a 4500 | ||
|---|---|---|---|
| 001 | MAT.inmabb002819 | ||
| 008 | 050920s1971####fr#a#####b####001#0#fre#d | ||
| 005 | 20110913170658.0 | ||
| 245 | 1 | 0 | |a Redécouvrons la géométrie / |c H. S. M. Coxeter, S. L. Greitzer ; traduit par R. Marchand. |
| 260 | |a Paris : |b Dunod, |c 1971. | ||
| 300 | |a x, 211, [3] p : |b il. ; |c 21 cm. | ||
| 500 | |a Traducción de: Geometry revisited. New York : Random House, 1967. | ||
| 504 | |a Bibliografía: p. [213]. | ||
| 510 | 4 | |a MR, |c 98c:51002 | |
| 100 | 1 | |a Coxeter, H. S. M. |q (Harold Scott Macdonald), |d 1907-2003. | |
| 700 | 1 | |a Greitzer, Samuel L. | |
| 084 | |a 51-01 |2 msc2000 | ||
| 041 | 1 | |a fre |h eng | |
| 859 | |h 51 |i C879g |p A-5309 |b BIB. MATEMATICA | ||
